00918cam a22002051i 450000100060000000300080000600500170001400800390003103500190007003500190008904000340010804100080014208200280015010000530017824500820023126000440031330000760035750502530043365000260068623724BD-RjUL20211209000950.0140311s1957 enkabc f001 0 eng a(BD-RjUL)23789 a(OCoLC)3321795 aDLCcDALdOCoLCdBD-RjULbeng aeng00a940.54012bBUG V-2 19571 aButler, J. R. M.q(James Ramsay Montagu),d1889-10aGrand strategy /c J. R. M. Butler.nvolume II :pSeptember 1939 - June 1941. aLondon :bH. M. Stationery Off.,c1957. axix, 603 p. :bports., fold. maps (part col.) diagrs., tables ;c26 cm.0 a-v.1.Rearmament policy, by N.H.Gibbs.-v.2.Sept.1939-June 1941, by J.R.M.Butler.-v.3.June 1941-Aug.1942, by J.M.A. Gwyer and J.R.M.Butler.-v.4.Aug.1941-Sept.1943, by M. Howard.-v.5.Aug.1943-Sept.1944, by J.Ehrman.-v.6.Oct.1944-Aug.1945, by J.Ehrman. 0aWorld War, 1939-1945.